The New Testament language of quantity and growth in relation to the church (Registro nro. 70234)
[ vista simple ]
| 000 -LÍDER | |
|---|---|
| Campo fijo de descripción fija | 01600nab a2200241 i 4500 |
| 001 - NÚMERO DE CONTROL | |
| Campo de control | 768714001 |
| 003 - IDENTIFICADOR DEL NÚMERO DE CONTROL | |
| Campo de control | CO-MdFUSB |
| 005 - FECHA Y HORA DE LA ULTIMA TRANSACCIÓN | |
| control field | 20240617120919.0 |
| 008 - ELEMENTOS DE LONGITUD FIJA -- INFORMACIÓN GENERAL | |
| Campo fijo de descripción fija -- Información general | 240617t1986 us ||||| |||| 00| 0 eng d |
| 040 ## - FUENTE DE CATALOGACIÓN | |
| Idioma de catalogación | spa |
| Agencia que realiza la transcripción | CO-MdFUSB |
| Agencia que realiza la modificación | CO-MdFUSB |
| 041 ## - CÓDIGO DE IDIOMA | |
| Código de idioma para texto/pista de sonido o título separado | eng |
| 100 ## - ASIENTO PRINCIPAL--NOMBRE PERSONAL | |
| Nombre personal | Taber, Charles R., |
| Término relacionador | autor |
| 245 ## - TÍTULO | |
| Título | The New Testament language of quantity and growth in relation to the church |
| Mención de responsabilidad | /Charles R. Taber |
| 520 ## - NOTA DE RESUMEN, ETC. | |
| Nota de sumario, etc. | En este discurso pronunciado en la reunión anual de la ASM de 1986, el autor busca de manera preliminar desarrollar una visión más responsable del crecimiento de la iglesia desde una perspectiva bíblica. Sostener que algunas interpretaciones actuales sobre el crecimiento de la iglesia son probablemente ilegítimas desde un punto de vista bíblico. Taber examina la evidencia bíblica en tres áreas: el deseo de Dios de que todos sean salvos, lo que el Nuevo Testamento anticipa en términos de resultados concretos y varias metáforas de crecimiento empleadas en la Biblia. Seis hipótesis ilustran la conclusión principal: que el aumento numérico de los creyentes no es la comprensión principal del crecimiento en el Nuevo Testamento. |
| 546 ## - NOTA DE IDIOMA | |
| Nota de idioma | Texto en inglés. |
| 630 07 - PUNTO DE ACCESO ADICIONAL DE MATERIA - TÍTULO UNIFORME | |
| Título uniforme | Biblia. |
| Parte o sección de la obra | Antiguo Testamento |
| 650 #7 - ASIENTO SECUNDARIO DE MATERIA - TERMINO TEMÁTICO | |
| Término temático o nombre geográfico como elemento de entrada | Iglesia |
| 9 (RLIN) | 655 |
| 650 #7 - ASIENTO SECUNDARIO DE MATERIA - TERMINO TEMÁTICO | |
| Término temático o nombre geográfico como elemento de entrada | Antropología bíblica |
| 9 (RLIN) | 6715 |
| 650 #7 - ASIENTO SECUNDARIO DE MATERIA - TERMINO TEMÁTICO | |
| Término temático o nombre geográfico como elemento de entrada | Hermenéutica bíblica |
| 9 (RLIN) | 7333 |
| 773 0# - ASIENTO DE ITEM FUENTE | |
| Biblionumber | 70215 |
| Itemnumber | 82773 |
| Lugar, editorial y fecha de publicación | Pensilvania, Estados Unidos |
| Otro identificador del ítem | R2648 |
| Título | Missiology |
| Número de control del registro | (CO-MdFUSB)768714001 |
| Parte(s) relacionada(s) / Volumen., número. (mes año), páginas | Volumen14, (número 4, 1986) páginas: 387 - 400 |
| Enumeración y primera página | página: 387 |
| 942 ## - TIPO DE MATERIAL (KOHA) | |
| Tipo de Item KOHA | Artículos de Revista |
| 945 ## - INFORMACIÓN LOCAL DEL REGISTRO | |
| Catalogador | Catherine Arias Álvarez - Practicante SENA |
No hay ítems disponibles.
